000 00246nam a22001217a 4500
008 170905b xxu||||| |||| 00| 0 eng d
041 _aeng
080 _a616.613
100 _a09
101 _aPAT
245 _aNDT
_cLAMEIRE,N
942 _2udc
_cBK
999 _c26117
_d26117